| 000 | 00570nam a2200169Ia 4500 | ||
|---|---|---|---|
| 003 | LDD | ||
| 008 | 190117s9999 xx 000 0 und d | ||
| 020 | _c₹100 | ||
| 040 | _cLDD | ||
| 041 | _ahi | ||
| 082 | _a8S1.09 न6406मे | ||
| 100 | _aनरेन्द्र देव | ||
| 245 | 0 |
_aमेघदूत एवं परवर्ती दूतकाव्य _cनरेन्द्र देव |
|
| 260 |
_aमन्दसौर _bसाहित्य - संर्वधन संस्थान _c1990 |
||
| 300 | _axiv,428पृ | ||
| 942 |
_2ddc _cH |
||
| 999 |
_c161996 _d161996 |
||